[Event "Regionalliga SW9697"]
[Site "Bayern"]
[Date "1997.??.??"]
[Round "?"]
[White "Gschwendtner, Michael"]
[Black "Englert, Berthold Georg"]
[Result "1-0"]
[WhiteElo "2155"]
[BlackElo "2065"]

1.d4 e6 2.e4 d5 3.Nc3 Nf6 4.e5 Nfd7 5.f4 c5 6.Nf3 Nc6 7.Be3 cxd4 8.Nxd4 Bc5
9.Qd2 a6 10.O-O-O Qc7 11.h4 Nxd4 12.Bxd4 Bxd4 13.Qxd4 O-O 14.Rh3 f6 15.Nxd5 exd5
16.Qxd5+ Kh8 17.Rc3 Qb8 18.e6 Nb6 19.Qd6 Bxe6 20.Qxe6 Qxf4+ 21.Qe3 Qxe3+
22.Rxe3 Rae8 23.Rxe8 Rxe8 24.Be2 g5 25.Bf3 gxh4 26.b3 Kg7 27.Bxb7 a5 28.Rd6 Nc8
29.Ra6 Ne7 30.Rxa5 Ng6 31.a4 Re2 32.Ra7 Kh6 33.a5 Nf4 34.Ra6 Kg5 35.Ra8 Kf5
36.Rg8  1-0

[Event "Oberliga Bayern9697"]
[Site "Bayern"]
[Date "1997.??.??"]
[Round "?"]
[White "Speckner, Roland"]
[Black "Schmidt, Wlodzimierz"]
[Result "0-1"]
[WhiteElo "2325"]
[BlackElo "2430"]

1.e4 e6 2.d4 d5 3.Nc3 Nf6 4.e5 Nfd7 5.f4 c5 6.Nf3 Nc6 7.Be3 a6 8.Qd2 b5 9.Bd3 Qb6
10.dxc5 Bxc5 11.Bxc5 Nxc5 12.Qf2 b4 13.Ne2 a5 14.O-O Ba6 15.Kh1 Ne7 16.Rad1 Na4
17.b3 Qxf2 18.Rxf2 Nc5 19.Bxa6 Rxa6 20.Nfd4 O-O 21.g4 f6 22.exf6 Rxf6 23.Ng3 Nc6
24.Kg2 Nxd4 25.Rxd4 Rc6 26.h4 Na6 27.Re2 Nc7 28.f5 exf5 29.Nxf5 Kf8 30.Ne7 Rce6
31.Rxe6 Nxe6 32.Rxd5 Nf4+ 33.Kg3 Kxe7 34.Rxa5 Ne2+ 35.Kg2 Nd4 36.Ra7+ Kf8
37.Ra8+ Kf7 38.Ra7+ Kg6 39.Rc7 Rc6  0-1

[Event "BEL-chT9697"]
[Site "BEL"]
[Date "1997.??.??"]
[Round "1"]
[White "Van de Plassche, Bas"]
[Black "Goormachtigh, Johan"]
[Result "0-1"]
[WhiteElo "2325"]
[BlackElo "2290"]

1.e4 e6 2.d4 d5 3.Nc3 Nf6 4.e5 Nfd7 5.Nce2 c5 6.c3 Nc6 7.f4 cxd4 8.cxd4 Nb6
9.Nf3 Bd7 10.a3 a5 11.Nc3 a4 12.Bd3 Na5 13.O-O g6 14.Be3 Nac4 15.Qe2 Be7
16.Bf2 Rc8 17.Rac1 Rc7 18.g4 h5 19.f5 gxf5 20.gxf5 exf5 21.Kh1 Be6 22.Rg1 Rc8
23.Bg3  0-1

[Event "Benasque op"]
[Site "Benasque"]
[Date "1997.??.??"]
[Round "6"]
[White "Vuksanovic, Sanja"]
[Black "Cacho Reigadas, Sergio"]
[Result "1-0"]
[WhiteElo "2260"]
[BlackElo "2445"]

1.e4 e6 2.d4 d5 3.Nc3 Nf6 4.e5 Nfd7 5.f4 c5 6.Nf3 Nc6 7.Be3 Qb6 8.Na4 Qa5+
9.c3 cxd4 10.b4 Nxb4 11.cxb4 Bxb4+ 12.Bd2 Bxd2+ 13.Nxd2 g5 14.g3 gxf4 15.gxf4 b6
16.Rb1 Ba6 17.Qb3 Rc8 18.Bxa6 Qxa6 19.Kf2 f6 20.exf6 Rf8 21.Rhf1 Rxf6 22.Ke1 Nc5
23.Nxc5 Rxc5 24.Rf3 Kf7 25.Kf2 Qa5 26.Qd3 Rh6 27.h3 Qxa2 28.Qxd4 Rc2 29.Rd1 Qc4
30.Qe5 Qc5+ 31.Re3 d4 32.Qxc5 bxc5 33.Ra3 c4 34.Rxa7+ Kf6 35.Kg3 Rc3+ 36.Nf3 Rg6+
37.Kf2 Rc2+ 38.Rd2 Rxd2+ 39.Nxd2 Rh6 40.Nxc4 Rxh3 41.Rd7 Rb3 42.Rxd4 Rb4
43.Re4 h5 44.Kf3 Ra4 45.Ne3 Ra5 46.Rb4 Rc5 47.Rb6 Kf7 48.Ra6 Ke7 49.Ke4 Kf7
50.Ra4 Kf6 51.Nc4 Rb5 52.Ne5 Rb7 53.Nc6 Rb1 54.Ra5 Rc1 55.Ne5 Re1+ 56.Kf3 Rf1+
57.Ke3 Re1+ 58.Kf2 Re4 59.Kf3 Re1 60.Nd3 Rd1 61.Ke4 Rh1 62.Re5 Rh2 63.Ke3 Rh1
64.Kf2 Rh2+ 65.Kg3 Rc2 66.Nc5 Rc3+ 67.Kf2 Rc2+ 68.Ke3 h4 69.Rxe6+ Kf7 70.Re5 h3
71.Ne4 h2 72.Rh5 Kg6 73.Rh4 Kf5 74.Ng3+ Kf6 75.Ne2  1-0

[Event "Berliner Sommer"]
[Site "Berlin"]
[Date "1997.??.??"]
[Round "2"]
[White "Bigaliev, Renat"]
[Black "Kretzschmann, Jens"]
[Result "1-0"]
[WhiteElo "2435"]
[BlackElo "2190"]

1.e4 e6 2.d4 d5 3.Nc3 Nf6 4.e5 Nfd7 5.f4 c5 6.Nf3 Nc6 7.Be3 Be7 8.dxc5 Nxc5
9.Be2 O-O 10.O-O f6 11.exf6 Rxf6 12.a3 a5 13.Kh1 b6 14.Qe1 Bd7 15.Rd1 Rc8
16.Nd4 Qf8 17.Bg4 Nd8 18.b4 axb4 19.axb4 Ncb7 20.Nxd5 exd5 21.Bxd7 Rc7 22.Bg4 Bxb4
23.Qg3 Nd6 24.f5 Rc3 25.Bf3 Ne4 26.Bxe4 dxe4 27.Nb5 Nc6 28.Nxc3 Bxc3 29.Bg5 Be5
30.Qb3+  1-0

[Event "Berliner Sommer"]
[Site "Berlin"]
[Date "1997.??.??"]
[Round "3"]
[White "Teschke, Olaf"]
[Black "Holzke, Frank"]
[Result "0-1"]
[WhiteElo "2145"]
[BlackElo "2400"]

1.e4 e6 2.d4 d5 3.Nc3 Nf6 4.e5 Nfd7 5.f4 c5 6.Nf3 Nc6 7.Be3 a6 8.Qd2 b5 9.a3 Qb6
10.dxc5 Bxc5 11.Bxc5 Nxc5 12.b4 Nd7 13.Bd3 f6 14.exf6 Nxf6 15.Qf2 Qxf2+ 16.Kxf2 O-O
17.Rhe1 Bd7 18.Kg1 h6 19.Ne5 Nxe5 20.fxe5 Rac8 21.Ne2 Ng4 22.Nd4 Nf2 23.Rec1 Rc3
24.Ne2 Nxd3 25.Nxc3 Nxc1 26.Rxc1 Rf4 27.Rf1 Rc4 28.Rf3 Be8 29.h3 Bg6 30.Ne2 Rxc2
31.Nd4 Rc1+ 32.Rf1 Rc8 33.Nxe6 Re8 34.Nf4 Be4 35.Rc1 Rxe5 36.Rc8+ Kf7 37.Ra8 g5
38.Nh5 Re6 39.Ra7+ Kf8 40.Ra8+ Ke7 41.Ra7+ Kd8 42.Ng3 Bc2 43.Nf1 d4 44.Nd2 d3
45.Nf3 Re3 46.Ra8+ Ke7 47.Ra7+ Kd6 48.Rxa6+ Kd5 49.Ra8 Rxf3 50.gxf3 Kd4 51.Rd8+ Ke3
52.Re8+ Kxf3 53.Rd8 Ke3 54.Re8+ Kd4 55.Rd8+ Kc3 56.Rc8+ Kb2 57.Rd8 Kc1 58.a4 d2
59.axb5 d1=Q+ 60.Rxd1+ Kxd1  0-1

[Event "Berliner Sommer"]
[Site "Berlin"]
[Date "1997.??.??"]
[Round "8"]
[White "Plump, Detlef"]
[Black "Holzke, Frank"]
[Result "0-1"]
[WhiteElo "2255"]
[BlackElo "2400"]

1.e4 e6 2.d4 d5 3.Nc3 Nf6 4.e5 Nfd7 5.f4 c5 6.Nf3 Nc6 7.Be3 a6 8.Qd2 b5 9.g3 Bb7
10.Bh3 cxd4 11.Nxd4 Nxd4 12.Bxd4 Bc5 13.Ne2 O-O 14.O-O-O Be7 15.Kb1 Nc5 16.Qe3 Ne4
17.Bg2 Qc8 18.g4 f6 19.exf6 gxf6 20.Bxe4 dxe4 21.Rhg1 e5 22.fxe5 fxe5 23.Bxe5 Qe6
24.Qb3 Qxb3 25.axb3 Rad8 26.Nf4 Bc5 27.Ne6 Bxg1 28.Rxd8 Rxd8 29.Nxd8 Bd5
30.Bg3 e3 31.Kc1 Bf2 32.c4 Bxg3 33.hxg3 bxc4 34.bxc4 Bxc4 35.Nc6 h6 36.Ne7+ Kf7
37.Nf5 e2 38.Kd2 Kg6 39.Ne3 Bb5 40.b3 Kg5 41.b4 Bd3 42.Ke1 Kf6 43.Nf5 Bxf5
44.gxf5 Kxf5 45.Kxe2 Ke4 46.Kf2 Kd4 47.Kf3 Kc4 48.Kg4 Kxb4 49.Kh5 a5 50.Kxh6 a4
51.g4 a3 52.g5 a2 53.g6 a1=Q 54.g7 Qa2 55.Kh7 Qf7  0-1

[Event "Biel op MTO"]
[Site "Biel"]
[Date "1997.??.??"]
[Round "4"]
[White "Seul, Georg"]
[Black "Zach, Andreas"]
[Result "1-0"]
[WhiteElo "2425"]
[BlackElo "2310"]

1.e4 e6 2.d4 d5 3.Nc3 Nf6 4.e5 Ne4 5.Nxe4 dxe4 6.Be3 c5 7.dxc5 Nd7 8.Qg4 Nxc5
9.Bb5+ Nd7 10.Ne2 Qa5+ 11.Nc3 a6 12.Bxd7+ Bxd7 13.Bd4 Bc6 14.O-O-O O-O-O
15.Qf4 Ba3 16.Qe3 Be7 17.Kb1 Rd7 18.Nxe4 Rhd8 19.Rd3 Kb8 20.Rhd1 Ka8 21.b3 Rc8
22.Bc3 Rxd3 23.Rxd3 Qc7 24.Nd6 Rd8 25.Bd4 Rf8 26.Nc4 Bxg2 27.Bb6 Qc6 28.f3 Bf1
29.Na5 Qb5 30.a4 Qb4 31.Rd7 Rc8 32.Rxb7 Bc5 33.Bxc5 Qxc5 34.Qe4 Bd3 35.Rc7+  1-0

[Event "Biel op MTO"]
[Site "Biel"]
[Date "1997.??.??"]
[Round "8"]
[White "Vehi Bach, Victor Manuel"]
[Black "Glek, Igor V"]
[Result "1/2-1/2"]
[WhiteElo "2395"]
[BlackElo "2505"]

1.e4 e6 2.d4 d5 3.Nc3 Nf6 4.e5 Nfd7 5.f4 c5 6.Nf3 Nc6 7.Be3 a6 8.Qd2 b5 9.dxc5 Bxc5
10.Bxc5 Nxc5 11.Qf2 Qb6 12.Bd3 b4 13.Ne2 a5 14.O-O Ba6 15.Kh1 Ne7 16.Rad1 Na4
17.Qxb6 Nxb6 18.Ned4 Na4 19.Rb1 Nc5 20.Rfd1 O-O 21.Kg1 a4 22.Kf2 Rfb8 23.Rbc1 a3
24.b3 Ne4+ 25.Bxe4 dxe4 26.Ng5 e3+ 27.Kxe3 Nd5+ 28.Kf2 Nc3 29.Re1 Nxa2 30.Ra1 Nc3
31.Ne4 Nxe4+ 32.Rxe4 Bb7 33.Re2 Rd8 34.Ke3 Rac8 35.c4 bxc3 36.Rc2 f5 37.exf6 gxf6
38.Rxa3 f5 39.b4 Rc4 40.Ne2 Rxb4 41.g3 Rb1 42.Raxc3 Rf1 43.Nd4 Rd1 44.Ne2 Ba6
45.Rb2 Kf7 46.Rc7+ Kf6 47.Rc6 Bc8 48.Kf2 Bd7 49.Rc1 Rxc1 50.Nxc1 Bc6 51.Ne2 Rd3
52.Ng1 h5 53.Re2 h4 54.Re3 hxg3+ 55.hxg3  1/2-1/2

[Event "Budapest FS03 IM-A"]
[Site "Budapest"]
[Date "1997.??.??"]
[Round "3"]
[White "Pinski, Jan"]
[Black "Bock, Juergen"]
[Result "1-0"]
[WhiteElo "2245"]
[BlackElo "2220"]

1.e4 e6 2.d4 d5 3.Nc3 Nf6 4.e5 Nfd7 5.f4 c5 6.Nf3 Nc6 7.Be3 a6 8.Qd2 b5 9.dxc5 Bxc5
10.Bxc5 Nxc5 11.Qf2 Qb6 12.Bd3 b4 13.Ne2 a5 14.O-O Ba6 15.Kh1 Rb8 16.Bxa6 Nxa6
17.Ned4 Nxd4 18.Nxd4 Nc5 19.Qh4 Ne4 20.Rad1 g6 21.Qh6 Qc5 22.f5 gxf5 23.Nxe6 fxe6
24.Qxe6+ Qe7 25.Qxd5 Qa7 26.Qe6+ Qe7 27.Qc6+  1-0

[Event "Budapest FS03 IM-B"]
[Site "Budapest"]
[Date "1997.??.??"]
[Round "4"]
[White "Farago, Sandor"]
[Black "Ellers, Holger"]
[Result "1/2-1/2"]
[WhiteElo "2250"]
[BlackElo "2260"]

1.e4 e6 2.d4 d5 3.Nc3 Nf6 4.e5 Nfd7 5.Nce2 c5 6.c3 b5 7.Nf3 b4 8.cxb4 cxb4
9.Nf4 Be7 10.Bd3 Ba6 11.h4 Qb6 12.Be3 h6 13.Rh3 Nc6 14.h5 O-O-O 15.Rg3 Bf8
16.Rc1 Kb7 17.Qa4 Ndb8 18.Bxa6+ Qxa6 19.Qxa6+ Nxa6 20.Nd3 Ne7 21.Nd2 Nf5
22.Rf3 Be7 23.g4 Nxe3 24.fxe3 Bh4+ 25.Ke2 f6 26.Nb3 Rc8 27.Rxc8 Rxc8 28.Kd2 Kb6
29.Rf1 Bg5 30.Nbc5 Nxc5 31.Nxc5 fxe5 32.Nd7+ Kb5 33.Nxe5 Bf6 34.Nd3 a5 35.b3 Rc3
36.Rc1 Rxc1 37.Kxc1 Kc6 38.Kd2 Be7 39.Ne5+ Kc7 40.Kd3 Bd6 41.Nf3 Be7 42.e4 Bg5
43.Ne1 Kc6 44.Nc2 Bc1 45.Ne1 Bg5 46.Nf3 Kd6 47.e5+ Kd7 48.Kc2 Be7 49.Ne1 Kc6
50.Nd3 Kd7 51.Kd2 Ke8 52.Ke3 Kd7 53.Kf3 Ke8 54.Kg3 Kf7 55.Nb2 Ke8 56.Na4 Kd7
57.Kf3 Kc6 58.g5 hxg5 59.Kg4 Kd7 60.Nb2 Ke8 61.Nd3 Kf7 62.Ne1 Kg8 63.Nf3 Bd8
64.Ne1 Be7 65.Nd3 Kf7 66.Ne1  1/2-1/2

[Event "Cannes op 18th"]
[Site "Cannes"]
[Date "1997.??.??"]
[Round "2"]
[White "Gallagher, Joseph G"]
[Black "Benitah, Yohan"]
[Result "1-0"]
[WhiteElo "2545"]
[BlackElo "2285"]

1.e4 e6 2.d4 d5 3.Nc3 Nf6 4.e5 Nfd7 5.f4 c5 6.Nf3 Nc6 7.Be3 a6 8.Qd2 b5 9.dxc5 Bxc5
10.Bxc5 Nxc5 11.Bd3 Qb6 12.Qf2 Nxd3+ 13.cxd3 Qxf2+ 14.Kxf2 Bd7 15.Ne2 b4
16.Ned4 Na7 17.Rac1 Ke7 18.Ke3 Rac8 19.Nb3 Rxc1 20.Rxc1 Rb8 21.Nfd4 Rb7 22.Na5 Rb6
23.Rc7 Nb5 24.Nxb5 Rxb5 25.Nb7 d4+ 26.Kxd4 Rd5+ 27.Ke3 Ke8 28.d4  1-0

[Event "Cannes op-B 18th"]
[Site "Cannes"]
[Date "1997.??.??"]
[Round "9"]
[White "Levacic, Patrick"]
[Black "Marinescu, Marian"]
[Result "1-0"]
[WhiteElo "2350"]
[BlackElo "2115"]

1.e4 e6 2.d4 d5 3.Nc3 Nf6 4.e5 Ne4 5.Nxe4 dxe4 6.Bc4 a6 7.a4 b6 8.Nh3 Nc6
9.c3 Bb7 10.O-O h6 11.Qh5 g6 12.Qg4 Ne7 13.Nf4 Nf5 14.Nxe6 Qe7 15.Nxf8 Kxf8
16.b3 Kg7 17.Ba3 c5 18.a5 h5 19.Qf4 Qd8 20.axb6 cxd4 21.cxd4 Qxd4 22.e6 Rhd8
23.Qc7 Rab8 24.exf7 Kh6 25.f8=Q+ Rxf8 26.Bxf8+ Rxf8 27.Rad1  1-0

[Event "Cappelle op"]
[Site "Cappelle la Grande"]
[Date "1997.??.??"]
[Round "5"]
[White "Herrera, Irisberto"]
[Black "Luther, Thomas"]
[Result "0-1"]
[WhiteElo "2450"]
[BlackElo "2520"]

1.e4 e6 2.d4 d5 3.Nc3 Nf6 4.e5 Nfd7 5.f4 c5 6.Nf3 Nc6 7.Be3 cxd4 8.Nxd4 Bc5
9.Qd2 O-O 10.O-O-O a6 11.h4 Nxd4 12.Bxd4 b5 13.Rh3 Bb7 14.Kb1 b4 15.Na4 Bxd4
16.Qxd4 Qa5 17.b3 Bc6 18.Nb2 Qc5 19.c3 a5 20.Qxc5 Nxc5 21.Rc1 Ne4 22.cxb4 Nd2+
23.Ka1 Rfc8 24.Rd1 Nxf1 25.Rxf1 Bb5 26.Rd1 axb4 27.Rhh1 Ra3 28.Rd4 Rca8 29.Kb1 Rxa2
30.Kc2 Rb8 31.Rxb4 Bc4 32.Kc3 Rxb4 33.Kxb4 Rxb2 34.Kc3 Rb1  0-1

[Event "Chemnitz op"]
[Site "Chemnitz"]
[Date "1997.??.??"]
[Round "3"]
[White "Enders, Peter"]
[Black "Hess, Christian"]
[Result "1-0"]
[WhiteElo "2535"]
[BlackElo "2305"]

1.e4 e6 2.d4 d5 3.Nc3 Nf6 4.e5 Nfd7 5.f4 c5 6.Nf3 Nc6 7.Be3 cxd4 8.Nxd4 Bc5
9.Qd2 Nxd4 10.Bxd4 b6 11.O-O-O Bb7 12.Bb5 O-O 13.Bxd7 Qxd7 14.Rhe1 Rac8 15.Re3 Qe7
16.Nb5 Bb4 17.Bc3 Bxc3 18.Rxc3 Rxc3 19.Nxc3 Ba6 20.Qe3 h6 21.Rd4 Rc8 22.g3 Qc5
23.Kd2 Bc4 24.a3 b5 25.Nd1 a5 26.b3 Bf1 27.Qc3 Qf8 28.Qxa5 f6 29.Qb6 fxe5
30.Qxe6+ Kh8 31.Qxe5 Re8 32.Qxd5 Re2+ 33.Kc1 Qxa3+ 34.Kb1 Re8 35.Qd6 Qa5
36.Qb4 Qa7 37.Qd2 Qe7 38.Nc3 Ra8 39.Rd7 Qf6 40.Qd4 Qf8 41.Qd6 Qc8 42.Rc7 Qg8
43.f5 Rd8 44.Qf4 Bd3 45.Kb2 b4 46.Na4  1-0

[Event "Chemnitz op"]
[Site "Chemnitz"]
[Date "1997.??.??"]
[Round "7"]
[White "Enders, Peter"]
[Black "Steudtmann, Christian"]
[Result "1-0"]
[WhiteElo "2535"]
[BlackElo "2240"]

1.e4 e6 2.d4 d5 3.Nc3 Nf6 4.e5 Nfd7 5.f4 c5 6.Nf3 Nc6 7.Be3 cxd4 8.Nxd4 Bc5
9.Qd2 O-O 10.O-O-O Qe7 11.g3 Nb6 12.Nb3 Bb4 13.a3 Nc4 14.Bxc4 dxc4 15.axb4 cxb3
16.Bc5 bxc2 17.Qxc2 Qe8 18.Bxf8 Qxf8 19.b5 Nb4 20.Qe4 Nd5 21.Nxd5 exd5 22.Rxd5 g6
23.Kd2 Qe8 24.Qb4 Be6 25.Rd6 Bd7 26.Re1 Bf5 27.Rc1 a5 28.bxa6 bxa6 29.Rc7 Rb8
30.Qd4 a5 31.Ke1 Be6 32.Rc2 Kg7 33.Kf2 Rb4 34.Qa7 Qa4 35.Rcd2 Kh6 36.R6d4 Qc6
37.Rxb4 axb4 38.Qe3 Bf5 39.h3 Bxh3 40.f5+ Kh5 41.g4+ Bxg4 42.Kg3  1-0

[Event "Chemnitz op"]
[Site "Chemnitz"]
[Date "1997.??.??"]
[Round "7"]
[White "Paehtz, Thomas Sr"]
[Black "Hess, Christian"]
[Result "1-0"]
[WhiteElo "2480"]
[BlackElo "2305"]

1.e4 e6 2.d4 d5 3.Nc3 Nf6 4.e5 Nfd7 5.f4 c5 6.Nf3 Nc6 7.Be3 a6 8.Qd2 b5 9.Ne2 b4
10.g4 a5 11.Ng3 Qb6 12.dxc5 Bxc5 13.Bxc5 Qxc5 14.Qf2 Qxf2+ 15.Kxf2 Ba6 16.Bd3 f6
17.exf6 Nxf6 18.h3 O-O 19.Rhe1 Bxd3 20.cxd3 Rae8 21.Rac1 Na7 22.g5 Nd7 23.Rc7 Rxf4
24.Kg2 Ref8 25.Rf1 Rc8 26.Rxd7 Rc2+ 27.Rf2 Rxf2+ 28.Kxf2 Nc6 29.Rxg7+ Kf8
30.Nh5 Rf5 31.Kg2 e5 32.Nh4  1-0

[Event "Chemnitz op"]
[Site "Chemnitz"]
[Date "1997.??.??"]
[Round "8"]
[White "Meyer, F."]
[Black "Helbig, Jan"]
[Result "1/2-1/2"]
[WhiteElo "2335"]
[BlackElo "2180"]

1.e4 e6 2.d4 d5 3.Nc3 Nf6 4.e5 Nfd7 5.Nce2 b6 6.f4 Ba6 7.Nf3 Be7 8.Be3 c5
9.g3 Nc6 10.Bh3 g6 11.O-O cxd4 12.Nfxd4 Nxd4 13.Bxd4 Bc5 14.Rf2 Bxe2 15.Rxe2 Qc7
16.Kh1 Bxd4 17.Qxd4 Qc5 18.Qd2 h5 19.Rf1 Qe7 20.Rf3 Rc8 21.Rfe3 Kf8 22.Rf3 Kg7
23.Ref2 Rc7 24.Qe3 Nc5 25.Rg2 Ne4 26.g4 hxg4 27.Bxg4 Qc5 28.f5 exf5 29.Bxf5 Qxe3
30.Rxe3 Re8 31.e6 Nd6 32.Bd3 f5 33.Re5 Kf6 34.Rxd5 Rxe6 35.Kg1 Nc4 36.Bxc4  1/2-1/2

[Event "Chemnitz op"]
[Site "Chemnitz"]
[Date "1997.??.??"]
[Round "9"]
[White "Meyer, F."]
[Black "Steudtmann, Christian"]
[Result "1/2-1/2"]
[WhiteElo "2335"]
[BlackElo "2240"]

1.e4 e6 2.d4 d5 3.Nc3 Nf6 4.e5 Nfd7 5.Nf3 c5 6.dxc5 Nc6 7.Bf4 Nxc5 8.Be2 Be7
9.O-O Bd7 10.a3 a5 11.Bg3 O-O 12.Nd4 Qb6 13.Ndb5 Na7 14.Nxa7 Rxa7 15.Rb1 Rc8
16.Kh1 Na4 17.Nxa4 Bxa4 18.Bd3 Qc6 19.Qe2 Qd7 20.f4 g6 21.Rf3 b6 22.Bf2 Bc5
23.Bh4 Be7 24.Bf2 Bc5 25.Rf1 Rac7 26.Be1 Bf8 27.b3 Bc6 28.Rh3 d4 29.Bh4 Bb7
30.Rg3 Bg7 31.h3 Qd5 32.Rf2 Rc3 33.Kh2 b5 34.Qg4 Qc6 35.Bf6 Bxf6 36.exf6 Qd6
37.Qg5 R8c5 38.Qh6 Qf8 39.Qh4 Kh8 40.f5 exf5 41.Qxd4 Qb8 42.Re2 Rc8 43.Qe5 b4
44.axb4 axb4 45.Rge3 h6 46.Qxb8 Rxb8 47.Bc4 Rxe3 48.Rxe3 Be4 49.Bxf7 Rf8
50.Bxg6 Rxf6 51.Bh5 Bxc2 52.Re8+ Kg7 53.Re7+ Kg8 54.Rb7 Bxb3 55.Rxb4 Bd5
56.Rd4 Bc6 57.Kg3 Re6 58.Bf3  1/2-1/2

[Event "Ciego de Avila"]
[Site "Ciego de Avila"]
[Date "1997.??.??"]
[Round "7"]
[White "Vasquez, Rodrigo"]
[Black "Gomez, Adalberto"]
[Result "1-0"]
[WhiteElo "2480"]
[BlackElo "2365"]

1.e4 e6 2.d4 d5 3.Nc3 Nf6 4.e5 Nfd7 5.f4 c5 6.Nf3 Nc6 7.Be3 cxd4 8.Nxd4 Bc5
9.Qd2 g5 10.f5 Bxd4 11.Bxd4 Ndxe5 12.Bb5 O-O 13.O-O-O f6 14.h4 g4 15.Bc5 Rf7
16.Ne4 a6 17.Be2 b6 18.Ba3 Bd7 19.Nd6 Rg7 20.Rhf1 Nf7 21.Nb7 Qc7 22.fxe6 Bxe6
23.Rxf6 Qe5 24.Rdf1 Nd4 25.Bd3 Rc8 26.Qe1 Qc7 27.Qf2 Qxb7 28.Qxd4 Rc6 29.h5 Qc8
30.h6  1-0

[Event "MSS-ch"]
[Site "CZE"]
[Date "1997.??.??"]
[Round "?"]
[White "Slamenik, J."]
[Black "Ovchinikova, Julia"]
[Result "1/2-1/2"]
[WhiteElo "2015"]
[BlackElo "2235"]

1.e4 e6 2.d4 d5 3.Nc3 Nf6 4.e5 Nfd7 5.f4 c5 6.Nce2 Nc6 7.c3 b5 8.Nf3 Qb6
9.g4 h5 10.gxh5 Rxh5 11.Be3 Rh8 12.Qc2 g6 13.h4 cxd4 14.Nexd4 Nxd4 15.Nxd4 b4
16.Rh3 Bc5 17.Bd3 Nf8 18.Ke2 Bd7 19.Rah1 Rh5 20.Kf2 Rb8 21.Be2 bxc3 22.bxc3 Qb2
23.Rc1 Qxc2 24.Rxc2 Rh8 25.Nb3 Bxe3+ 26.Kxe3 Ba4 27.Rb2 g5 28.fxg5 Ng6 29.h5 Nxe5
30.Rh4 Nc4+ 31.Bxc4 dxc4 32.Rxc4 Bxb3 33.Rxb3 Rxb3 34.axb3 Rxh5 35.Rg4 Kd7
36.g6 fxg6 37.Rxg6 Kd6 38.Rg3 Rb5 39.b4 a5  1/2-1/2

[Event "CZE-chT 9697"]
[Site "CZE"]
[Date "1997.??.??"]
[Round "2"]
[White "Turner, Jan"]
[Black "Pcola, Pavel"]
[Result "0-1"]
[WhiteElo "2295"]
[BlackElo "2470"]

1.e4 e6 2.d4 d5 3.Nc3 Nf6 4.e5 Nfd7 5.Nce2 c5 6.c3 Nc6 7.f4 b5 8.Nf3 b4 9.f5 exf5
10.Nf4 Ndb8 11.dxc5 Bxc5 12.Qxd5 Qb6 13.Ng5 Bf2+ 14.Kd1 O-O 15.e6 Ne7 16.exf7+ Kh8
17.Qf3 h6 18.Nge6 Bxe6 19.Nxe6 Qxe6 20.Qxa8 Nec6 21.Bb5 Qd5+ 22.Ke2 Bc5 23.Bxc6 Nxc6
24.Qe8 Qxg2+ 25.Kd3 Qxh1 26.Kc4 Be7  0-1

[Event "Neckar op 1st"]
[Site "Deizisau"]
[Date "1997.??.??"]
[Round "2"]
[White "Tuncer, Ufuk"]
[Black "Luther, Thomas"]
[Result "0-1"]
[WhiteElo "2135"]
[BlackElo "2520"]

1.e4 e6 2.d4 d5 3.Nc3 Nf6 4.e5 Nfd7 5.f4 c5 6.Nce2 Nc6 7.c3 Qb6 8.Nf3 f6
9.a3 Be7 10.g3 cxd4 11.cxd4 O-O 12.Bh3 fxe5 13.Bxe6+ Kh8 14.Bxd7 Bxd7 15.dxe5 Bg4
16.Rf1 d4 17.Neg1 Rad8 18.h3 Be6 19.g4 d3 20.f5 Bb3 21.Qd2 Nb4  0-1

[Event "Dieren op"]
[Site "Dieren"]
[Date "1997.??.??"]
[Round "4"]
[White "De Heer, Machiel"]
[Black "Kiriakov, Petr"]
[Result "1/2-1/2"]
[WhiteElo "2325"]
[BlackElo "2505"]

1.e4 e6 2.d4 d5 3.Nc3 Nf6 4.e5 Nfd7 5.f4 c5 6.Nf3 Nc6 7.Be3 a6 8.Qd2 b5 9.dxc5 b4
10.Na4 Qa5 11.Nb6 Nxb6 12.cxb6 Bc5 13.Bxc5 Qxc5 14.Qf2 Qxf2+ 15.Kxf2 Rb8
16.a4 Na5 17.Nd2 Rxb6 18.c4 bxc3 19.bxc3 Ke7 20.Bd3 Bd7 21.Rab1 Rc6 22.Rhc1 Rhc8
23.Rb4 R8c7 24.Ke2 Rxc3 25.Rxc3 Rxc3 26.Bxa6 Ra3 27.Bb5 Bxb5+ 28.axb5 Kd7
29.g3 Kc7 30.Nf3 Kb6 31.Ng5 Ra2+ 32.Kf3 Kc5 33.Rb1 Nc4 34.Kg4 Ra7 35.Nxh7 d4
36.Ng5 d3 37.Ne4+ Kd4 38.Nd6 Nxd6 39.exd6 d2 40.Kf3 Kd3 41.b6 Rd7 42.Ra1 Rxd6
43.b7 Rb6 44.Ra3+ Kd4 45.Ke2 Rxb7 46.Rd3+ Ke4 47.Rxd2 f6 48.Kf2 e5 49.fxe5 fxe5
50.Re2+ Kf5 51.Ra2 Rb3 52.Re2 e4 53.Kg2 Ke5 54.Kf2 Rf3+ 55.Kg2 Kd4 56.Ra2 Rc3
57.Kf2 Kd3 58.Re2 Rc7 59.Re3+ Kd4 60.Re2 Rf7+ 61.Kg2 Kd3 62.Ra2 Rc7 63.Kf2 Rc3
64.Re2 Rc1 65.Re3+ Kd4 66.Re2 g5 67.Rd2+ Ke5 68.h3 Rc3 69.Ra2 Rf3+ 70.Kg2 Rd3
71.Kf2 Rf3+  1/2-1/2

[Event "Dieren op"]
[Site "Dieren"]
[Date "1997.??.??"]
[Round "7"]
[White "Rytshagov, Mikhail"]
[Black "Barsov, Alexei"]
[Result "1/2-1/2"]
[WhiteElo "2525"]
[BlackElo "2445"]

1.e4 e6 2.d4 d5 3.Nc3 Nf6 4.e5 Nfd7 5.f4 c5 6.Nf3 Nc6 7.Be3 a6 8.Qd2 b5 9.Qf2 Qb6
10.Bd3 cxd4 11.Nxd4 Bc5 12.Nce2 f6 13.exf6 Nxf6 14.c3 e5 15.fxe5 Nxe5 16.O-O-O  1/2-1/2

[Event "GER-ch U20 qual"]
[Site "Dortmund"]
[Date "1997.??.??"]
[Round "?"]
[White "Foetsch, Daniel"]
[Black "Biegler, Markus"]
[Result "1-0"]
[WhiteElo "2170"]
[BlackElo "1970"]

1.d4 e6 2.e4 d5 3.Nc3 Nf6 4.e5 Nfd7 5.f4 c5 6.Nf3 Nc6 7.Be3 cxd4 8.Nxd4 Bc5
9.Qd2 Bxd4 10.Bxd4 Nxd4 11.Qxd4 a6 12.O-O-O Qb6 13.g3 Qxd4 14.Rxd4 Nb8 15.Bg2 Bd7
16.Re1 Nc6 17.Rd2 O-O 18.Ne2 Rfc8 19.Nd4 Nxd4 20.Rxd4 Rc7 21.c3 Rac8 22.Kd2 b5
23.Bf1 a5 24.Bd3 Rb8 25.a3 Be8 26.Rf1 Bc6 27.Bc2 Rcb7 28.Ra1 Rb6 29.Bb3 R6b7
30.Ke3 Rb6 31.g4 R6b7 32.f5 Re8 33.Kf4 Rc7 34.Re1 Rce7 35.g5 Rb7 36.f6 Reb8
37.Red1 Be8 38.R1d3 b4 39.axb4 axb4 40.c4 dxc4 41.Bxc4 Rc7 42.Bb3 Rcc8 43.Rd2 Rc1
44.Rd8 Rcc8 45.Rxc8 Rxc8 46.Rd4 Rb8 47.Rc4 Bd7 48.Ke3 Bc8 49.Rc6 Bd7 50.Rc7 Bc8
51.Kd4 Ba6 52.Kc5 Be2 53.Rc6 gxf6 54.gxf6 Rb5+ 55.Kd6 h6 56.Bc2 Rb8 57.Kc7 Rb5
58.Kd7 Rb7+ 59.Rc7 Bb5+ 60.Kc8 Rb6 61.Be4 b3 62.Ra7 Ra6 63.Rc7 Rb6 64.Rc3 Ba6+
65.Kd7 Rb4 66.Bb1 Rd4+ 67.Ke7 Bc4 68.Rg3+ Kh8 69.Kxf7 Rd7+ 70.Kf8 Rd8+ 71.Ke7 Ra8
72.f7 Ra7+ 73.Kf6  1-0

[Event "Dresden op"]
[Site "Dresden"]
[Date "1997.??.??"]
[Round "2"]
[White "Mahling, Thomas"]
[Black "Blauert, Joerg"]
[Result "0-1"]
[WhiteElo "2105"]
[BlackElo "2385"]

1.e4 e6 2.d4 d5 3.Nc3 Nf6 4.e5 Nfd7 5.f4 c5 6.Nf3 Nc6 7.Be3 cxd4 8.Nxd4 Qb6
9.Qd2 Qxb2 10.Rb1 Qa3 11.Bb5 Nxd4 12.Bxd4 Bb4 13.O-O a6 14.Rb3 Qa5 15.Bxd7+ Bxd7
16.Rf3 Bc5 17.Rxb7 Rc8 18.Rb3 Ba4  0-1

[Event "Dresden op"]
[Site "Dresden"]
[Date "1997.??.??"]
[Round "8"]
[White "Paehtz, Thomas Sr"]
[Black "Wichmann, Cliff"]
[Result "1-0"]
[WhiteElo "2480"]
[BlackElo "2230"]

1.e4 e6 2.d4 d5 3.Nc3 Nf6 4.e5 Nfd7 5.f4 c5 6.Nf3 Nc6 7.Be3 a6 8.Qd2 b5 9.Ne2 Qb6
10.g4 cxd4 11.Nfxd4 Bc5 12.Bg2 h5 13.gxh5 Rxh5 14.h4 Bb7 15.Bf3 Rh8 16.h5 O-O-O
17.Bg1 Rdg8 18.O-O-O g5 19.Nxc6 Bxc6 20.Bxc5 Qxc5 21.Nd4 Bb7 22.Rde1 Qc7
23.Rhg1 gxf4 24.Rxg8+ Rxg8 25.Qxf4 Nc5 26.Kb1 Ne4 27.h6 Qe7 28.Rh1 Rh8 29.Bxe4 dxe4
30.Rg1 Qb4 31.c3 Qc4 32.Rg3 Rh7 33.b3 Qc5 34.Rg8+ Kc7 35.Rg7 Kb6 36.Rxh7 Qxc3
37.Nc2 e3 38.Rxf7 e2 39.Qf2+  1-0

[Event "Dresden op"]
[Site "Dresden"]
[Date "1997.??.??"]
[Round "9"]
[White "Voekler, Bernd"]
[Black "Wolter, Michael"]
[Result "1-0"]
[WhiteElo "2395"]
[BlackElo "2185"]

1.e4 e6 2.d4 d5 3.Nc3 Nf6 4.e5 Nfd7 5.f4 c5 6.Nf3 Nc6 7.Be3 cxd4 8.Nxd4 Bc5
9.Qd2 O-O 10.O-O-O a6 11.h4 Nxd4 12.Bxd4 b5 13.Rh3 Bb7 14.Kb1 b4 15.Na4 Bxd4
16.Qxd4 Qa5 17.b3 Bc6 18.Nb2 Qc5 19.c3 a5 20.Rc1 Qxd4 21.cxd4 Rfc8 22.Rh1 Nb6
23.Be2 Be8 24.Rc5 Rxc5 25.dxc5 Nc8 26.Rc1 Na7 27.Na4 Bxa4 28.bxa4 Nc6 29.Bb5 Rc8
30.Kc2 f6 31.Bxc6 Rxc6 32.Kd3 fxe5 33.fxe5 Kf7 34.Kd4 Ke7 35.a3 bxa3 36.Ra1 Rc8
37.Rxa3 Kd7 38.Rb3 Rf8 39.Rb7+ Kc6 40.Rb6+ Kd7 41.c6+ Kc8 42.Rb7 Rf4+ 43.Kc5 d4
44.Rxg7 d3 45.Rd7 Rxa4 46.Rxd3 Rxh4 47.Kd6 Rg4 48.g3 h5 49.Kxe6 Kc7 50.Kd5 h4
51.gxh4 Rxh4 52.Rf3 Rh1 53.Rf7+ Kc8 54.e6  1-0

[Event "Momotov mem"]
[Site "Enakievo"]
[Date "1997.??.??"]
[Round "?"]
[White "Timoshenko, Georgy"]
[Black "Kruppa, Yuri"]
[Result "0-1"]
[WhiteElo "2510"]
[BlackElo "2520"]

1.e4 e6 2.d4 d5 3.Nc3 Nf6 4.e5 Nfd7 5.f4 c5 6.Nf3 Qb6 7.Na4 Qc6 8.c3 b6 9.a3 c4
10.b4 cxb3 11.Qxb3 Ba6 12.Bxa6 Nxa6 13.Nb2 Be7 14.Bd2 O-O 15.O-O Nc7 16.a4 Nb8
17.Nd1 Qd7 18.Ne3 Nc6 19.Qc2 f5 20.exf6 Bxf6 21.Ng4 Ne8 22.Bc1 Be7 23.Nfe5 Qc8
24.Nxc6 Qxc6 25.Ne5 Qc8 26.Ba3 Bxa3 27.Rxa3 Nd6 28.Raa1 Qc7 29.Rf3 Rac8 30.Qd3 Qe7
31.Re1 Qb7 32.Rff1 Rc7 33.Qh3 Qc8 34.Rf3 Ne4 35.Rc1 Nd2 36.Rd3 Ne4 37.Rf3 Qe8
38.Ra1 Qe7 39.Ra2 Rfc8 40.Rc2 Qf6 41.g4 Qf8 42.Kg2 Qf6 43.Qh5 g6 44.Qh3 Qf8
45.Kh1 Rxc3 46.Rfxc3 Rxc3 47.Rxc3 Nf2+ 48.Kg2 Nxh3 49.Kxh3 g5 50.Rc7 gxf4
51.Rxa7 f3 52.Rf7 Qh6+ 53.Kg3 Qe3 54.Rxf3 Qxd4 55.Nd7 Qg1+ 56.Kh3 Kg7 57.g5 Qd4
58.Rf6 Qe3+ 59.Kg4 Qe4+ 60.Kg3 d4 61.h4 Qd5 62.Nf8 Qe5+ 63.Rf4 d3  0-1